Audiencias preliminares /

Guardado en:
Autor Principal: Alliaud, Alejandra M.
Formato: Desconocido
Idioma:Spanish
Publicado: Ciudad Autónoma de Buenos Aires : Didot, 2016.
Edición:1a. ed.
Series:Litigación y Enjuiciamiento Penal Adversarial
Materias:
Etiquetas: Agregar Etiqueta
Sin Etiquetas, Sea el primero en etiquetar este registro!
LEADER 00699nac a22002055a 4500
001 DER.der013872
008 190625i2016####ag#||||||||||||||#||spa||
005 20240827085821.0
245 1 0 |a Audiencias preliminares /  |c Alejandra M. Allaiud. 
250 |a 1a. ed. 
260 |a Ciudad Autónoma de Buenos Aires :  |b Didot,  |c 2016. 
300 |a 250 p. 
440 0 |a Litigación y Enjuiciamiento Penal Adversarial 
022 |a 9789873620225 
100 1 |a Alliaud, Alejandra M. 
700 1 |a Binder, Alberto.,  |e dir. 
650 7 |a LITIGACION PENAL 
859 |a DERECHO  |b BIB. DERECHO  |h 345.05  |i ALL  |p 008967 
859 |a DERECHO  |b BIB. DERECHO  |h 345.05  |i ALL  |p 009061  |t 1 
859 |a DERECHO  |b BIB. DERECHO  |h 345.05  |i ALL  |p 009267  |t 2